W którym roku ukazała się ta piosenka? #2 - Statystyki

Ogólne statystyki
  • Ten quiz został rozwiązany 17 razy
  • Średni wynik to 12 z 20
Statystyki odpowiedzi
Piosenka Wykonawca muzyczny Rok % Poprawnych
Hey Jude The Beatles 1968
87%
Beat It Michael Jackson 1982
87%
Blinding Lights The Weeknd 2019
87%
Stan Eminem 2000
80%
I Gotta Feeling Black Eyed Peas 2009
80%
I Want It That Way Backstreet Boys 1999
73%
Dancing Queen ABBA 1976
67%
Livin' on a Prayer Bon Jovi 1986
67%
...Baby One More Time Britney Spears 1998
67%
In Da Club 50 Cent 2003
67%
Get Lucky Daft Punk 2013
67%
Hotel California The Eagles 1976
60%
Flowers Miley Cyrus 2023
60%
Rehab Amy Winehouse 2006
53%
thank u, next Ariana Grande 2018
47%
Jump Van Halen 1984
40%
Faith George Michael 1987
40%
My Girl The Temptations 1964
13%
Whoot, There It Is 95 South 1993
13%
Paint The Town Red Doja Cat 2023
13%
Nie znaleziono quizów pasujących do podanych kryteriów
Rozkład punktacji
Procent ludzi z każdym wynikiem
Percentyl według liczby udzielonych odpowiedzi
Twoja historia wyników
Nie rozwiązałeś tego quizu